000 01157 a2200289 4500
003 OSt
005 20180116192337.0
008 120524t xxu||||| |||| 00| 0 eng d
010 _a 98130799
020 _a1858940443
020 _a1858940451 (pbk.)
035 _a(OCoLC)38226381
040 _c0
082 _a746.09549
100 1 _aAskari, Nasreen.
_91843
245 1 0 _aColours of the Indus :
_bcostume and textiles of Pakistan /
_cNasreen Askari and Rosemary Crill.
260 _aLondon :
_bM. Holberton in association with the Victoria and Albert Museum,
_c1997.
300 _a144 p. :
_bcol. ill., col. map ;
_c29 cm.
500 _a"Published to coincide with the exhibition ... at the Victoria and Albert Museum, London, 9 October 1997-29 March 1998 ..."--T.p. verso.
650 0 _aTextile fabrics
_zPakistan
_xExhibitions.
_91844
650 0 _aTextile design
_zPakistan
_xExhibitions.
_91845
650 0 _aCostume
_zPakistan
_xExhibitions.
_91846
700 1 _aCrill, Rosemary.
_91847
710 2 _aVictoria and Albert Museum.
_91848
942 _aSADA
_cBK
_k746.09549 ASK 1997
_2ddc
999 _c352500
_d352500